[Event "Benidorm Satellite preliminary"]
[Site "playchess.com #007036"]
[Date "2009.10.24"]
[Round "5"]
[White "Nitroglycérine"]
[Black "Alexrules01"]
[Result "1-0"]
[WhiteElo "1828"]
[BlackElo "1598"]
[PlyCount "63"]
[EventDate "2009.10.24"]
[EventType "swiss (blitz)"]

1. e4 {[%emt 0:00:01]} c5 {[%emt 0:00:01]} 2. Nf3 {[%emt 0:00:00]} Nc6 {[%emt
0:00:01]} 3. d4 {[%emt 0:00:01]} cxd4 {[%emt 0:00:01]} 4. Nxd4 {[%emt 0:00:00]}
Nf6 {[%emt 0:00:01]} 5. Nc3 {[%emt 0:00:00]} e6 {[%emt 0:00:01]} 6. Ndb5 {
[%emt 0:00:06]} d6 {[%emt 0:00:01]} 7. Bf4 {[%emt 0:00:00]} e5 {[%emt 0:00:02]}
8. Bg5 {[%emt 0:00:00]} a6 {[%emt 0:00:02]} 9. Na3 {[%emt 0:00:00]} b5 {[%emt
0:00:01]} 10. Nd5 {[%emt 0:00:00]} Be7 {[%emt 0:00:01]} 11. Bxf6 {[%emt 0:00:
00]} Bxf6 {[%emt 0:00:01]} 12. c3 {[%emt 0:00:00]} Bg5 {[%emt 0:00:01]} 13. Nc2
{[%emt 0:00:00]} O-O {[%emt 0:00:01]} 14. a4 {[%emt 0:00:03]} bxa4 {[%emt 0:00:
03]} 15. Rxa4 {[%emt 0:00:00]} f5 {[%emt 0:00:13]} 16. Bc4 {[%emt 0:00:19]} Kh8
{[%emt 0:00:12]} 17. exf5 {[%emt 0:00:07]} Rxf5 {[%emt 0:00:37]} 18. O-O {
[%emt 0:00:06]} Ne7 {[%emt 0:00:06]} 19. Nde3 {[%emt 0:00:06]} Rf4 {[%emt 0:00:
16]} 20. Nb4 {[%emt 0:00:10]} Bb7 {[%emt 0:00:28]} 21. Bxa6 {[%emt 0:00:04]}
Bxa6 {[%emt 0:00:18]} 22. Rxa6 {[%emt 0:00:16]} Rxa6 {[%emt 0:00:19]} 23. Nxa6
{[%emt 0:00:00]} Qb6 {[%emt 0:00:05]} 24. Nb4 {[%emt 0:00:02]} Nf5 {[%emt 0:00:
16]} 25. Ned5 {[%emt 0:00:04]} Qd8 {[%emt 0:00:23]} 26. Nxf4 {[%emt 0:00:02]}
Bxf4 {[%emt 0:00:02]} 27. g3 {[%emt 0:00:01]} Bh6 {[%emt 0:00:05]} 28. Qd5 {
[%emt 0:00:09]} Bg5 {[%emt 0:00:09]} 29. Rd1 {[%emt 0:00:03]} Be7 {[%emt 0:00:
01]} 30. Qe6 {[%emt 0:00:08]} Qf8 {[%emt 0:00:06]} 31. Nc6 {[%emt 0:00:02]} h6
{[%emt 0:00:03]} 32. Nxe7 {[%emt 0:00:02] Time} 1-0

[Event "Benidorm Satellite preliminary"]
[Site "playchess.com #007036"]
[Date "2009.10.24"]
[Round "5"]
[White "Goldaxe"]
[Black "Racoony"]
[Result "1-0"]
[WhiteElo "2079"]
[BlackElo "1740"]
[PlyCount "56"]
[EventDate "2009.10.24"]
[EventType "swiss (blitz)"]

1. Nf3 {[%emt 0:00:03]} Nf6 {[%emt 0:00:02]} 2. c4 {[%emt 0:00:01]} g6 {[%emt
0:00:01]} 3. b4 {[%emt 0:00:02]} Bg7 {[%emt 0:00:04]} 4. Bb2 {[%emt 0:00:00]}
O-O {[%emt 0:00:03]} 5. g3 {[%emt 0:00:01]} d5 {[%emt 0:00:06]} 6. cxd5 {[%emt
0:00:02]} Qxd5 {[%emt 0:00:07]} 7. Bg2 {[%emt 0:00:02]} Qd8 {[%emt 0:00:10]} 8.
O-O {[%emt 0:00:02]} c6 {[%emt 0:00:17]} 9. a4 {[%emt 0:00:10]} Bf5 {[%emt 0:
00:06]} 10. d3 {[%emt 0:00:03]} Qc8 {[%emt 0:00:07]} 11. b5 {[%emt 0:00:07]}
Bh3 {[%emt 0:00:02]} 12. Qb3 {[%emt 0:00:06]} Bxg2 {[%emt 0:00:02]} 13. Kxg2 {
[%emt 0:00:00]} cxb5 {[%emt 0:00:28]} 14. axb5 {[%emt 0:00:03]} Nbd7 {[%emt 0:
00:02]} 15. Nbd2 {[%emt 0:00:09]} Nb6 {[%emt 0:00:18]} 16. Rfc1 {[%emt 0:00:07]
} Qd7 {[%emt 0:00:08]} 17. Ne5 {[%emt 0:00:16]} Qd5+ {[%emt 0:00:08]} 18. Qxd5
{[%emt 0:00:02]} Nfxd5 {[%emt 0:00:01]} 19. Ndc4 {[%emt 0:00:22]} a6 {[%emt 0:
00:15]} 20. bxa6 {[%emt 0:00:05]} bxa6 {[%emt 0:00:03]} 21. Nxb6 {[%emt 0:00:
06]} Nxb6 {[%emt 0:00:01]} 22. Rc6 {[%emt 0:00:03]} Rfb8 {[%emt 0:00:09]} 23.
Bd4 {[%emt 0:00:04]} Nd7 {[%emt 0:00:28]} 24. Nxd7 {[%emt 0:00:26]} Bxd4 {
[%emt 0:00:01]} 25. Ra4 {[%emt 0:00:02]} Rd8 {[%emt 0:00:23]} 26. Rxd4 {[%emt
0:00:03]} Ra7 {[%emt 0:00:02]} 27. Nf6+ {[%emt 0:00:05]} exf6 {[%emt 0:00:04]}
28. Rxd8+ {[%emt 0:00:02]} Kg7 {[%emt 0:00:01] Racoony gibt auf} 1-0

[Event "Benidorm Satellite preliminary"]
[Site "playchess.com #007036"]
[Date "2009.10.24"]
[Round "5"]
[White "Lagano"]
[Black "Retep1"]
[Result "1-0"]
[WhiteElo "1991"]
[BlackElo "1694"]
[PlyCount "73"]
[EventDate "2009.10.24"]
[EventType "swiss (blitz)"]

1. e4 {[%emt 0:00:01]} c6 {[%emt 0:00:02]} 2. d4 {[%emt 0:00:02]} d5 {[%emt 0:
00:01]} 3. exd5 {[%emt 0:00:02]} cxd5 {[%emt 0:00:01]} 4. Bd3 {[%emt 0:00:01]}
Nf6 {[%emt 0:00:01]} 5. Nd2 {[%emt 0:00:03]} Nc6 {[%emt 0:00:01]} 6. c3 {[%emt
0:00:02]} Bg4 {[%emt 0:00:02]} 7. Ndf3 {[%emt 0:00:03]} e6 {[%emt 0:00:02]} 8.
h3 {[%emt 0:00:01]} Bh5 {[%emt 0:00:01]} 9. Bf4 {[%emt 0:00:05]} Bd6 {[%emt 0:
00:01]} 10. Qd2 {[%emt 0:00:02]} Bxf4 {[%emt 0:00:01]} 11. Qxf4 {[%emt 0:00:02]
} Bg6 {[%emt 0:00:02]} 12. Bxg6 {[%emt 0:00:10]} hxg6 {[%emt 0:00:02]} 13. Ne2
{[%emt 0:00:01]} Rc8 {[%emt 0:00:03]} 14. Ng5 {[%emt 0:00:06]} Qc7 {[%emt 0:00:
05]} 15. Qf3 {[%emt 0:00:05]} Ne7 {[%emt 0:00:11]} 16. Nf4 {[%emt 0:00:07]} Qd6
{[%emt 0:00:04]} 17. O-O {[%emt 0:00:13]} Nf5 {[%emt 0:00:02]} 18. Rfe1 {[%emt
0:00:08]} O-O {[%emt 0:00:12]} 19. Re2 {[%emt 0:00:13]} Rce8 {[%emt 0:00:04]}
20. Rae1 {[%emt 0:00:02]} b5 {[%emt 0:00:10]} 21. a3 {[%emt 0:00:02]} a5 {
[%emt 0:00:02]} 22. Qd3 {[%emt 0:00:06]} b4 {[%emt 0:00:01]} 23. axb4 {[%emt 0:
00:03]} axb4 {[%emt 0:00:01]} 24. Re5 {[%emt 0:00:28]} bxc3 {[%emt 0:00:03]}
25. bxc3 {[%emt 0:00:02]} Ne4 {[%emt 0:00:03]} 26. Nxe4 {[%emt 0:00:06]} dxe4 {
[%emt 0:00:02]} 27. Qxe4 {[%emt 0:00:06]} Rc8 {[%emt 0:00:03]} 28. Qd3 {[%emt
0:00:14]} Qc6 {[%emt 0:00:04]} 29. d5 {[%emt 0:00:12]} exd5 {[%emt 0:00:02]}
30. Nxd5 {[%emt 0:00:02]} Rfe8 {[%emt 0:00:08]} 31. g4 {[%emt 0:00:21]} Rxe5 {
[%emt 0:00:03]} 32. Rxe5 {[%emt 0:00:06]} Re8 {[%emt 0:00:24]} 33. Rxe8+ {
[%emt 0:00:04]} Qxe8 {[%emt 0:00:03]} 34. gxf5 {[%emt 0:00:01]} Qe1+ {[%emt 0:
00:05]} 35. Kg2 {[%emt 0:00:03]} gxf5 {[%emt 0:00:09]} 36. Qxf5 {[%emt 0:00:08]
} Qxc3 {[%emt 0:00:02]} 37. Nxc3 {[%emt 0:00:06] Retep1 gibt auf} 1-0

[Event "Benidorm Satellite preliminary"]
[Site "playchess.com #007036"]
[Date "2009.10.24"]
[Round "5"]
[White "Nerpa"]
[Black "Bartimäus"]
[Result "1-0"]
[WhiteElo "2093"]
[BlackElo "1766"]
[PlyCount "59"]
[EventDate "2009.10.24"]
[EventType "swiss (blitz)"]

1. e4 {[%emt 0:00:01]} e6 {[%emt 0:00:01]} 2. d4 {[%emt 0:00:01]} d5 {[%emt 0:
00:01]} 3. Nc3 {[%emt 0:00:01]} Nf6 {[%emt 0:00:01]} 4. e5 {[%emt 0:00:02]}
Nfd7 {[%emt 0:00:01]} 5. f4 {[%emt 0:00:02]} c5 {[%emt 0:00:02]} 6. Nf3 {[%emt
0:00:01]} Nc6 {[%emt 0:00:01]} 7. Be3 {[%emt 0:00:02]} cxd4 {[%emt 0:00:01]} 8.
Nxd4 {[%emt 0:00:05]} Nxd4 {[%emt 0:00:02]} 9. Bxd4 {[%emt 0:00:02]} a6 {[%emt
0:00:01]} 10. Be2 {[%emt 0:00:04]} Qc7 {[%emt 0:00:01]} 11. O-O {[%emt 0:00:01]
} Nc5 {[%emt 0:00:06]} 12. a4 {[%emt 0:00:04]} Bd7 {[%emt 0:00:02]} 13. b4 {
[%emt 0:00:10]} Ne4 {[%emt 0:00:09]} 14. Nxe4 {[%emt 0:00:01]} dxe4 {[%emt 0:
00:01]} 15. b5 {[%emt 0:00:04]} Bc5 {[%emt 0:00:13]} 16. bxa6 {[%emt 0:00:15]}
bxa6 {[%emt 0:00:06]} 17. Bxc5 {[%emt 0:00:01]} Qxc5+ {[%emt 0:00:02]} 18. Kh1
{[%emt 0:00:01]} Bc6 {[%emt 0:00:08]} 19. Qe1 {[%emt 0:00:12]} O-O {[%emt 0:00:
04]} 20. Qg3 {[%emt 0:00:06]} Rfd8 {[%emt 0:00:07]} 21. f5 {[%emt 0:00:09]}
Qxc2 {[%emt 0:00:07]} 22. f6 {[%emt 0:00:03]} g6 {[%emt 0:00:02]} 23. Qg5 {
[%emt 0:00:13]} Kh8 {[%emt 0:00:30]} 24. Qh6 {[%emt 0:00:11]} Rg8 {[%emt 0:00:
02]} 25. Bg4 {[%emt 0:00:38]} Bd5 {[%emt 0:00:05]} 26. Rf4 {[%emt 0:00:10]} e3
{[%emt 0:00:09]} 27. Bf3 {[%emt 0:00:24]} Bxf3 {[%emt 0:00:18]} 28. Rxf3 {
[%emt 0:00:05]} e2 {[%emt 0:00:45]} 29. Qxh7+ {[%emt 0:00:02]} Kxh7 {[%emt 0:
00:02]} 30. Rh3# {[%emt 0:00:01]} 1-0

[Event "Benidorm Satellite preliminary"]
[Site "playchess.com #007036"]
[Date "2009.10.24"]
[Round "5"]
[White "Dr-Bassem"]
[Black "Necromant"]
[Result "1-0"]
[WhiteElo "2850"]
[BlackElo "2460"]
[PlyCount "55"]
[EventDate "2009.10.24"]
[EventType "swiss (blitz)"]

1. e4 {[%emt 0:00:01]} c5 {[%emt 0:00:01]} 2. Nf3 {[%emt 0:00:01]} d6 {[%emt 0:
00:01]} 3. c3 {[%emt 0:00:01]} Nf6 {[%emt 0:00:01]} 4. g3 {[%emt 0:00:00]} Nc6
{[%emt 0:00:03]} 5. d3 {[%emt 0:00:01]} g6 {[%emt 0:00:04]} 6. Bg2 {[%emt 0:00:
00]} Bg7 {[%emt 0:00:01]} 7. O-O {[%emt 0:00:00]} O-O {[%emt 0:00:01]} 8. Re1 {
[%emt 0:00:01]} e5 {[%emt 0:00:01]} 9. a3 {[%emt 0:00:01]} d5 {[%emt 0:00:06]}
10. Nbd2 {[%emt 0:00:02]} Re8 {[%emt 0:00:02]} 11. b4 {[%emt 0:00:01]} cxb4 {
[%emt 0:00:09]} 12. axb4 {[%emt 0:00:01]} dxe4 {[%emt 0:00:14]} 13. dxe4 {
[%emt 0:00:03]} Be6 {[%emt 0:00:05]} 14. b5 {[%emt 0:00:09]} Na5 {[%emt 0:00:
07]} 15. Qa4 {[%emt 0:00:01]} b6 {[%emt 0:00:05]} 16. Nxe5 {[%emt 0:00:03]} Rc8
{[%emt 0:00:08]} 17. Nc6 {[%emt 0:00:03]} Nxc6 {[%emt 0:00:06]} 18. bxc6 {
[%emt 0:00:00]} Re7 {[%emt 0:00:09]} 19. Nc4 {[%emt 0:00:27]} Qc7 {[%emt 0:00:
22]} 20. Ba3 {[%emt 0:00:09]} Bxc4 {[%emt 0:00:18]} 21. Bxe7 {[%emt 0:00:09]}
Qxe7 {[%emt 0:00:10]} 22. Qxc4 {[%emt 0:00:02]} Ng4 {[%emt 0:00:01]} 23. e5 {
[%emt 0:00:14]} Nxe5 {[%emt 0:00:04]} 24. f4 {[%emt 0:00:26]} Nxc4 {[%emt 0:00:
02]} 25. Rxe7 {[%emt 0:00:01]} a5 {[%emt 0:00:05]} 26. Rd1 {[%emt 0:00:27]} Bf8
{[%emt 0:00:15]} 27. Red7 {[%emt 0:00:14]} Ne3 {[%emt 0:00:48]} 28. Rd8 {[%emt
0:00:07] Necromant resigns} 1-0

[Event "Benidorm Satellite preliminary"]
[Site "playchess.com #007036"]
[Date "2009.10.24"]
[Round "5"]
[White "SteinerKarl"]
[Black "Phlegias"]
[Result "0-1"]
[WhiteElo "1670"]
[BlackElo "1929"]
[PlyCount "58"]
[EventDate "2009.10.24"]
[EventType "swiss (blitz)"]

1. d4 {[%emt 0:00:03]} Nf6 {[%emt 0:00:01]} 2. Nf3 {[%emt 0:00:02]} c5 {[%emt
0:00:01]} 3. d5 {[%emt 0:00:04]} g6 {[%emt 0:00:01]} 4. c4 {[%emt 0:00:02]} b5
{[%emt 0:00:01]} 5. cxb5 {[%emt 0:00:06]} a6 {[%emt 0:00:01]} 6. bxa6 {[%emt 0:
00:05]} Bxa6 {[%emt 0:00:01]} 7. Nc3 {[%emt 0:00:05]} d6 {[%emt 0:00:07]} 8. g3
{[%emt 0:00:03]} Bg7 {[%emt 0:00:01]} 9. Bg2 {[%emt 0:00:02]} O-O {[%emt 0:00:
00]} 10. O-O {[%emt 0:00:01]} Nbd7 {[%emt 0:00:01]} 11. e4 {[%emt 0:00:03]} Ng4
{[%emt 0:00:02]} 12. Re1 {[%emt 0:00:09]} Nge5 {[%emt 0:00:01]} 13. Nxe5 {
[%emt 0:00:06]} Nxe5 {[%emt 0:00:01]} 14. Bf1 {[%emt 0:00:40]} c4 {[%emt 0:00:
14]} 15. Be3 {[%emt 0:00:09]} Nd3 {[%emt 0:00:10]} 16. Bxd3 {[%emt 0:00:06]}
cxd3 {[%emt 0:00:00]} 17. Qd2 {[%emt 0:00:04]} Rb8 {[%emt 0:00:06]} 18. a3 {
[%emt 0:00:05]} Qc7 {[%emt 0:00:12]} 19. Rac1 {[%emt 0:00:12]} Rb3 {[%emt 0:00:
06]} 20. Nb5 {[%emt 0:00:37]} Qb7 {[%emt 0:00:05]} 21. a4 {[%emt 0:00:16]} Rxb2
{[%emt 0:00:04]} 22. Qxd3 {[%emt 0:00:05]} Rb4 {[%emt 0:00:15]} 23. Rc7 {[%emt
0:00:18]} Qxc7 {[%emt 0:00:09]} 24. Nxc7 {[%emt 0:00:06]} Bxd3 {[%emt 0:00:01]}
25. a5 {[%emt 0:00:10]} Rc8 {[%emt 0:00:06]} 26. Rc1 {[%emt 0:00:08]} Ra4 {
[%emt 0:00:20] '} 27. Bb6 {[%emt 0:00:03]} Bxe4 {[%emt 0:00:08]} 28. f4 {[%emt
0:00:04]} Bxd5 {[%emt 0:00:05]} 29. a6 {[%emt 0:00:05]} Rxa6 {[%emt 0:00:06]
Zeit} 0-1

[Event "Benidorm Satellite preliminary"]
[Site "playchess.com #007036"]
[Date "2009.10.24"]
[Round "5"]
[White "Hophip"]
[Black "Aref__gm"]
[Result "0-1"]
[WhiteElo "2620"]
[BlackElo "2298"]
[PlyCount "52"]
[EventDate "2009.10.24"]
[EventType "swiss (blitz)"]

1. e4 {[%emt 0:00:01]} c5 {[%emt 0:00:02]} 2. c3 {[%emt 0:00:01]} d6 {[%emt 0:
00:02]} 3. d4 {[%emt 0:00:02]} Nf6 {[%emt 0:00:01]} 4. dxc5 {[%emt 0:00:01]}
Nc6 {[%emt 0:00:01]} 5. Bc4 {[%emt 0:00:01]} dxc5 {[%emt 0:00:03]} 6. Qe2 {
[%emt 0:00:03]} e5 {[%emt 0:00:04]} 7. f4 {[%emt 0:00:04]} Bd6 {[%emt 0:00:05]}
8. Nf3 {[%emt 0:00:01]} O-O {[%emt 0:00:03]} 9. f5 {[%emt 0:00:04]} a6 {[%emt
0:00:03]} 10. a4 {[%emt 0:00:01]} Qc7 {[%emt 0:00:07]} 11. Bg5 {[%emt 0:00:02]}
Be7 {[%emt 0:00:06]} 12. Nbd2 {[%emt 0:00:01]} b6 {[%emt 0:00:01]} 13. g4 {
[%emt 0:00:02]} Na5 {[%emt 0:00:17]} 14. Bxf6 {[%emt 0:00:03]} Bxf6 {[%emt 0:
00:03]} 15. Bd5 {[%emt 0:00:04]} Bb7 {[%emt 0:00:04]} 16. g5 {[%emt 0:00:01]}
Bd8 {[%emt 0:00:15]} 17. Ba2 {[%emt 0:00:03]} Kh8 {[%emt 0:00:07]} 18. Rg1 {
[%emt 0:00:18]} b5 {[%emt 0:00:38]} 19. Nh4 {[%emt 0:00:27]} c4 {[%emt 0:00:19]
} 20. Qh5 {[%emt 0:00:07]} Qb6 {[%emt 0:00:17]} 21. O-O-O {[%emt 0:00:04]} bxa4
{[%emt 0:00:15]} 22. Nxc4 {[%emt 0:00:03]} Nxc4 {[%emt 0:00:20]} 23. Bxc4 {
[%emt 0:00:00]} a3 {[%emt 0:00:03]} 24. b3 {[%emt 0:00:39] .} Qe3+ {[%emt 0:00:
04]} 25. Kb1 {[%emt 0:00:07]} Bxe4+ {[%emt 0:00:03]} 26. Ka1 {[%emt 0:00:01]}
Qxc3+ {[%emt 0:00:06] Hophip resigns} 0-1

[Event "Benidorm Satellite preliminary"]
[Site "playchess.com #007036"]
[Date "2009.10.24"]
[Round "5"]
[White "Enfanterrible"]
[Black "Maximums"]
[Result "0-1"]
[WhiteElo "2578"]
[BlackElo "2629"]
[PlyCount "82"]
[EventDate "2009.10.24"]
[EventType "swiss (blitz)"]

1. d4 {[%emt 0:00:02]} d5 {[%emt 0:00:01]} 2. c4 {[%emt 0:00:01]} c6 {[%emt 0:
00:01]} 3. Nc3 {[%emt 0:00:01]} Nf6 {[%emt 0:00:01]} 4. Nf3 {[%emt 0:00:01]} e6
{[%emt 0:00:01]} 5. e3 {[%emt 0:00:01]} a6 {[%emt 0:00:01]} 6. Bd3 {[%emt 0:00:
05]} dxc4 {[%emt 0:00:02]} 7. Bxc4 {[%emt 0:00:01]} b5 {[%emt 0:00:01]} 8. Be2
{[%emt 0:00:01]} c5 {[%emt 0:00:01]} 9. O-O {[%emt 0:00:01]} Bb7 {[%emt 0:00:
02]} 10. a4 {[%emt 0:00:01]} b4 {[%emt 0:00:02]} 11. Na2 {[%emt 0:00:10]} Nbd7
{[%emt 0:00:03]} 12. dxc5 {[%emt 0:00:05]} Bxc5 {[%emt 0:00:02]} 13. Bd2 {
[%emt 0:00:01]} a5 {[%emt 0:00:04]} 14. Nc1 {[%emt 0:00:01]} O-O {[%emt 0:00:
04]} 15. Nb3 {[%emt 0:00:00]} Bb6 {[%emt 0:00:03]} 16. Bb5 {[%emt 0:00:01]} Nc5
{[%emt 0:00:18]} 17. Nbd4 {[%emt 0:00:06]} Rc8 {[%emt 0:00:09]} 18. Qe2 {[%emt
0:00:03]} Nfe4 {[%emt 0:00:09]} 19. Rfd1 {[%emt 0:00:03]} Qf6 {[%emt 0:00:07]}
20. Be1 {[%emt 0:00:05]} Ng5 {[%emt 0:00:37]} 21. Nxg5 {[%emt 0:00:05]} Qxg5 {
[%emt 0:00:01]} 22. f3 {[%emt 0:00:01]} e5 {[%emt 0:00:06]} 23. Nc2 {[%emt 0:
00:11]} Nb3 {[%emt 0:00:01]} 24. Rab1 {[%emt 0:00:01]} Bxf3 {[%emt 0:00:18]}
25. Qxf3 {[%emt 0:00:01]} Rxc2 {[%emt 0:00:01]} 26. Bd3 {[%emt 0:00:23]} Qxe3+
{[%emt 0:00:12]} 27. Qxe3 {[%emt 0:00:01]} Bxe3+ {[%emt 0:00:01]} 28. Kf1 {
[%emt 0:00:00]} Rc5 {[%emt 0:00:10]} 29. Ke2 {[%emt 0:00:02]} Bd4 {[%emt 0:00:
03]} 30. g4 {[%emt 0:00:05]} Rfc8 {[%emt 0:00:02]} 31. h4 {[%emt 0:00:02]} Nc1+
{[%emt 0:00:04]} 32. Kf3 {[%emt 0:00:09]} Nxd3 {[%emt 0:00:03]} 33. Rxd3 {
[%emt 0:00:01]} Rc2 {[%emt 0:00:03]} 34. b3 {[%emt 0:00:07]} h6 {[%emt 0:00:02]
} 35. g5 {[%emt 0:00:03]} hxg5 {[%emt 0:00:02]} 36. hxg5 {[%emt 0:00:01]} Kh7 {
[%emt 0:00:01]} 37. Ke4 {[%emt 0:00:04]} Kg6 {[%emt 0:00:02]} 38. Rh3 {[%emt 0:
00:04]} R8c5 {[%emt 0:00:10]} 39. Bg3 {[%emt 0:00:07]} Re2+ {[%emt 0:00:02]}
40. Kf3 {[%emt 0:00:01]} Re3+ {[%emt 0:00:02]} 41. Kg4 {[%emt 0:00:01]} Rcc3 {
[%emt 0:00:04] Enfanterrible rinde} 0-1

[Event "Benidorm Satellite preliminary"]
[Site "playchess.com #007036"]
[Date "2009.10.24"]
[Round "5"]
[White "Ajalcaide"]
[Black "Panosjoydome"]
[Result "0-1"]
[WhiteElo "1427"]
[BlackElo "1744"]
[PlyCount "68"]
[EventDate "2009.10.24"]
[EventType "swiss (blitz)"]

1. e4 {[%emt 0:00:01]} c5 {[%emt 0:00:03]} 2. Nf3 {[%emt 0:00:02]} Nc6 {[%emt
0:00:01]} 3. d4 {[%emt 0:00:01]} cxd4 {[%emt 0:00:00]} 4. Nxd4 {[%emt 0:00:01]}
Nf6 {[%emt 0:00:01]} 5. Nc3 {[%emt 0:00:03]} e5 {[%emt 0:00:01]} 6. Nxc6 {
[%emt 0:00:02]} bxc6 {[%emt 0:00:03]} 7. Bc4 {[%emt 0:00:05]} Bb4 {[%emt 0:00:
06]} 8. Bd2 {[%emt 0:00:06]} Bxc3 {[%emt 0:00:03]} 9. Bxc3 {[%emt 0:00:01]} d5
{[%emt 0:00:01]} 10. exd5 {[%emt 0:00:01]} cxd5 {[%emt 0:00:02]} 11. Bb3 {
[%emt 0:00:03]} O-O {[%emt 0:00:06]} 12. O-O {[%emt 0:00:03]} d4 {[%emt 0:00:
01]} 13. Bb4 {[%emt 0:00:02]} Re8 {[%emt 0:00:01]} 14. Qd2 {[%emt 0:00:04]} Bb7
{[%emt 0:00:07]} 15. f3 {[%emt 0:00:02]} Nh5 {[%emt 0:00:06]} 16. Rad1 {[%emt
0:00:14]} Nf4 {[%emt 0:00:14]} 17. c3 {[%emt 0:00:17]} dxc3 {[%emt 0:00:08]}
18. Bxc3 {[%emt 0:00:07]} Qg5 {[%emt 0:00:04]} 19. Qf2 {[%emt 0:00:12]} Nh3+ {
[%emt 0:00:04]} 20. Kh1 {[%emt 0:00:14]} Nxf2+ {[%emt 0:00:02]} 21. Rxf2 {
[%emt 0:00:01]} Rad8 {[%emt 0:00:05]} 22. Rdf1 {[%emt 0:00:06]} g6 {[%emt 0:00:
13]} 23. g3 {[%emt 0:00:12]} Kg7 {[%emt 0:00:08]} 24. Kg1 {[%emt 0:00:04]} Bd5
{[%emt 0:00:06]} 25. f4 {[%emt 0:00:09]} Qe7 {[%emt 0:00:06]} 26. Bxe5+ {[%emt
0:00:13]} f6 {[%emt 0:00:02]} 27. Bc3 {[%emt 0:00:05]} Bxb3 {[%emt 0:00:03]}
28. axb3 {[%emt 0:00:02]} Qe3 {[%emt 0:00:02]} 29. b4 {[%emt 0:00:27]} Rd3 {
[%emt 0:00:02]} 30. b5 {[%emt 0:00:24]} Red8 {[%emt 0:00:02]} 31. b6 {[%emt 0:
00:11]} axb6 {[%emt 0:00:03]} 32. Kg2 {[%emt 0:00:14]} Rd1 {[%emt 0:00:03]} 33.
Rf3 {[%emt 0:00:05]} Qe4 {[%emt 0:00:15] '} 34. R1f2 {[%emt 0:00:07]} R8d3 {
[%emt 0:00:04] Tiempo} 0-1

[Event "Benidorm Satellite preliminary"]
[Site "playchess.com #007036"]
[Date "2009.10.24"]
[Round "5"]
[White "Planescape"]
[Black "Fighterknight"]
[Result "0-1"]
[WhiteElo "1742"]
[BlackElo "2282"]
[PlyCount "52"]
[EventDate "2009.10.24"]
[EventType "swiss (blitz)"]

1. e4 {[%emt 0:00:02]} d5 {[%emt 0:00:07]} 2. exd5 {[%emt 0:00:02]} Nf6 {[%emt
0:00:01]} 3. d4 {[%emt 0:00:03]} Nxd5 {[%emt 0:00:02]} 4. c4 {[%emt 0:00:00]}
Nb6 {[%emt 0:00:12]} 5. Nc3 {[%emt 0:00:04]} g6 {[%emt 0:00:01]} 6. Nf3 {[%emt
0:00:02]} Bg7 {[%emt 0:00:02]} 7. h3 {[%emt 0:00:01]} O-O {[%emt 0:00:01]} 8.
Be2 {[%emt 0:00:05]} Nc6 {[%emt 0:00:05]} 9. Be3 {[%emt 0:00:01]} e5 {[%emt 0:
00:02]} 10. dxe5 {[%emt 0:00:10]} Nxe5 {[%emt 0:00:02]} 11. Qxd8 {[%emt 0:00:
10]} Rxd8 {[%emt 0:00:06]} 12. c5 {[%emt 0:00:06]} Nbc4 {[%emt 0:00:08]} 13.
Bxc4 {[%emt 0:00:06]} Nxc4 {[%emt 0:00:00]} 14. O-O {[%emt 0:00:32]} Nxb2 {
[%emt 0:00:22]} 15. Nb5 {[%emt 0:00:05]} Bd7 {[%emt 0:00:11]} 16. Nxc7 {[%emt
0:00:04]} Rac8 {[%emt 0:00:04]} 17. Nd5 {[%emt 0:00:04]} Kf8 {[%emt 0:00:04]}
18. Rab1 {[%emt 0:00:05]} Bxh3 {[%emt 0:00:11]} 19. gxh3 {[%emt 0:00:25]} Rxd5
{[%emt 0:00:02]} 20. Rfc1 {[%emt 0:00:11]} Rc7 {[%emt 0:00:26]} 21. Rc2 {[%emt
0:00:03]} Nd3 {[%emt 0:00:22]} 22. c6 {[%emt 0:00:23]} bxc6 {[%emt 0:00:21]}
23. Rb8+ {[%emt 0:00:05]} Ke7 {[%emt 0:00:01]} 24. Rg8 {[%emt 0:00:05]} Bf6 {
[%emt 0:00:21]} 25. Bh6 {[%emt 0:00:01]} Rd8 {[%emt 0:00:06]} 26. Ng5 {[%emt 0:
00:07]} Rxg8 {[%emt 0:00:03] Planescape gibt auf} 0-1

[Event "Benidorm Satellite preliminary"]
[Site "playchess.com #007036"]
[Date "2009.10.24"]
[Round "5"]
[White "Schachriese"]
[Black "Yoborjamari"]
[Result "0-1"]
[WhiteElo "2583"]
[BlackElo "2133"]
[PlyCount "62"]
[EventDate "2009.10.24"]
[EventType "swiss (blitz)"]

1. e4 {[%emt 0:00:00]} d5 {[%emt 0:00:03]} 2. exd5 {[%emt 0:00:02]} Qxd5 {
[%emt 0:00:01]} 3. Nc3 {[%emt 0:00:02]} Qa5 {[%emt 0:00:01]} 4. d4 {[%emt 0:00:
08]} Nf6 {[%emt 0:00:01]} 5. Bc4 {[%emt 0:00:02]} Bg4 {[%emt 0:00:01]} 6. f3 {
[%emt 0:00:02]} Bf5 {[%emt 0:00:01]} 7. Nge2 {[%emt 0:00:03]} e6 {[%emt 0:00:
01]} 8. g4 {[%emt 0:00:04]} Bg6 {[%emt 0:00:01]} 9. Nf4 {[%emt 0:00:01]} Bb4 {
[%emt 0:00:36]} 10. Bd2 {[%emt 0:00:14]} Nc6 {[%emt 0:00:02]} 11. h4 {[%emt 0:
00:29]} Nxd4 {[%emt 0:00:08]} 12. Nxg6 {[%emt 0:00:02]} hxg6 {[%emt 0:00:03]}
13. a3 {[%emt 0:00:01]} Bxc3 {[%emt 0:00:22]} 14. Bxc3 {[%emt 0:00:04]} Qe5+ {
[%emt 0:00:08]} 15. Kf2 {[%emt 0:00:06]} O-O-O {[%emt 0:00:05]} 16. Bd3 {[%emt
0:00:31]} Qf4 {[%emt 0:00:07]} 17. Kg2 {[%emt 0:00:07]} Nd5 {[%emt 0:00:25]}
18. Bd2 {[%emt 0:00:06]} Ne3+ {[%emt 0:00:05]} 19. Bxe3 {[%emt 0:00:16]} Qxe3 {
[%emt 0:00:01]} 20. Re1 {[%emt 0:00:17]} Nxc2 {[%emt 0:00:15]} 21. Qxc2 {[%emt
0:00:16]} Qxd3 {[%emt 0:00:02]} 22. Rac1 {[%emt 0:00:09]} Qxc2+ {[%emt 0:00:05]
} 23. Rxc2 {[%emt 0:00:01]} Rxh4 {[%emt 0:00:01]} 24. Rec1 {[%emt 0:00:05]} c6
{[%emt 0:00:01]} 25. b4 {[%emt 0:00:01]} a6 {[%emt 0:00:23]} 26. a4 {[%emt 0:
00:01]} Rd5 {[%emt 0:00:07]} 27. Kg3 {[%emt 0:00:05]} Rh8 {[%emt 0:00:02]} 28.
Rc5 {[%emt 0:00:01]} Rhd8 {[%emt 0:00:02]} 29. b5 {[%emt 0:00:01]} Rxc5 {[%emt
0:00:02]} 30. Rxc5 {[%emt 0:00:00]} axb5 {[%emt 0:00:01]} 31. axb5 {[%emt 0:00:
01]} Rd5 {[%emt 0:00:02] Schachriese gibt auf} 0-1